Diálogos de amor / (Record no. 134224)

MARC details
000 -LEADER
campo de control de longitud fija 00514nam a2200193 i 4500
001 - NÚMERO DE CONTROL
campo de control 134224
003 - IDENTIFICADOR DE NÚMERO DE CONTROL
campo de control ES-MaACL
005 - FECHA Y HORA DE LA ÚLTIMA TRANSACCIÓN
campo de control 20250801154644.0
007 - CAMPO FIJO DE DESCRIPCIÓN FÍSICA--INFORMACIÓN GENERAL
campo de control de longitud fija t|
008 - DATOS DE LONGITUD FIJA--INFORMACIÓN GENERAL
campo de control de longitud fija 070906s1969 sp ||||1| spa d
100 1# - ENTRADA PRINCIPAL--NOMBRE DE PERSONA
Nombre de persona Xandró, Mauricio.
9 (RLIN) 117492
245 10 - MENCIÓN DEL TÍTULO
Título Diálogos de amor /
Mención de responsabilidad, etc. Mauricio Xandró.
260 ## - PUBLICACIÓN, DISTRIBUCIÓN, ETC.
Lugar de publicación, distribución, etc. Madrid :
Nombre del editor, distribuidor, etc. Studium,
Fecha de publicación, distribución, etc. [1969]
300 ## - DESCRIPCIÓN FÍSICA
Extensión 150 p. ;
Dimensiones 18 cm.
650 14 - PUNTO DE ACCESO ADICIONAL DE MATERIA--TÉRMINO DE MATERIA
Término de materia o nombre geográfico como elemento de entrada Noviazgo.
9 (RLIN) 15640
650 #7 - PUNTO DE ACCESO ADICIONAL DE MATERIA--TÉRMINO DE MATERIA
Término de materia o nombre geográfico como elemento de entrada Amor
Fuente del encabezamiento o término embne
9 (RLIN) 9754
852 ## - LOCALIZACIÓN
Ubicación ES-MaACL
Número de control de estantería C-53348
Sublocalización o colección R.72130
Holdings
Estatus retirado Estado de pérdida Estado de daño No para préstamo Biblioteca de origen Biblioteca actual Ubicación en estantería Fecha de adquisición Fuente de adquisición Total de préstamos Signatura topográfica completa Código de barras Visto por última vez Precio de reemplazo Tipo de ítem Koha
        Biblioteca del Ateneo de Madrid Biblioteca del Ateneo de Madrid Depósito 2 17/01/2008     C-53348 1139717 23/02/2023 23/02/2023 Libro impreso